The electric vehicle program of the U.S. Department of Energy.

Bibliographic Details
Corporate Author: United States. Department of Energy
Format: Government Document Book
Language:English
Published: [Washington, D.C.?] : U.S. Dept. of Energy, [1988?]
Subjects:

MARC

Tag First Indicator Second Indicator Subfields
LEADER 00000cam a2200000 a 4500
001 in00000875331
005 20151019115932.0
008 881117s1988 dcua f00000 eng d
010 |a gp 89004312  
035 |a (OCoLC)18771727 
035 |9 AEJ0310AM 
040 |a GPO  |c GPO  |d UtOrBLW 
074 |a 429-A 
086 0 |a E 1.2:El 2/2 
088 |a DOE/CH 10093-27 
088 |a DE 88001199 
245 0 4 |a The electric vehicle program of the U.S. Department of Energy. 
264 1 |a [Washington, D.C.?] :  |b U.S. Dept. of Energy,  |c [1988?] 
300 |a 4 unnumbered pages :  |b color illustrations ;  |c 28 cm. 
336 |a text  |b txt  |2 rdacontent 
337 |a unmediated  |b n  |2 rdamedia 
338 |a volume  |b nc  |2 rdacarrier 
500 |a Caption title. 
500 |a Shipping list number: 88-655-P. 
500 |a "November 1988." 
500 |a "DOE/CH10093-27." 
500 |a "DE88001199." 
650 0 |a Electric automobiles. 
710 1 |a United States.  |b Department of Energy. 
999 |a MARS 
999 f f |s 71331834-64d6-3f3f-8bb8-fdbb3403d824  |i 228f6929-b220-3d46-98dd-abbe2fe00423  |t 0 
952 f f |p normal  |a Texas A&M University  |b College Station  |c Sterling C. Evans Library  |d Evans: US Documents (Annex 5th floor)  |t 0  |e E 1.2:El 2/2  |h Superintendent of Documents classification  |i unmediated -- volume  |m A14814882885 
998 f f |a E 1.2:El 2/2  |t 0  |l Evans: US Documents (Annex 5th floor)